| 000 | 00893nam a2200241Ia 4500 | ||
|---|---|---|---|
| 003 | 0 | ||
| 005 | 20250131143526.0 | ||
| 008 | 150126s9999 xx 000 0 und d | ||
| 050 |
_aPGS GV 1469.17.S6 _b.F662 2014 |
||
| 100 | _aFok, Samantha Sun Lin Adlawan. | ||
| 245 |
_aViolent video games and aggressive behavior / _cSamantha Sun Lin Adlawan Fok. |
||
| 260 |
_aLas Piñas City, Philippines : _bSouthville International School and Colleges, _c2014. |
||
| 300 |
_a35 p. : _bill. ; _c28 cm. |
||
| 504 | _aIncludes bibliographical references. | ||
| 650 | _aAggressive behavior in children. | ||
| 650 | _aViolent video games. | ||
| 650 |
_aVideo games _vPsychological aspects. |
||
| 650 |
_aVideo games _vSocial aspects. |
||
| 650 | _aAggressive behavior in children. | ||
| 650 | _aViolence in video games. | ||
| 650 |
_aChildren _vBehavior—Psychological aspects. |
||
| 942 |
_2lcc _cPASS |
||
| 999 |
_c278578 _d278578 |
||